000 00314nam a22001337a 4500
008 180917b xxu||||| |||| 00| 0 eng d
020 _a9780781765435
041 _aeng
080 _a610.73
100 _a2
101 _aNUR
245 _aTextbook Of Medical Surgical Nursing
_cBoyer.mJ
942 _2udc
_cBK
999 _c47855
_d47855